UK market notes : leather 1994.
| Format: | Book |
|---|---|
| Published: |
Surrey:
DECTA,
1993.
|
| Subjects: |
| LEADER | 00421cam a2200157 7i4500 | ||
|---|---|---|---|
| 001 | 0000003414 | ||
| 005 | 19991025090000.0 | ||
| 002 | ##000004782 | ||
| 020 | 0 | 0 | |a T000004321 |
| 090 | 0 | 0 | |a P 675 |b UNI |
| 245 | 1 | 0 | |a UK market notes : |b leather 1994. |
| 260 | 0 | 0 | |a Surrey: |b DECTA, |c 1993. |
| 300 | 0 | 0 | |a 7 p.. |
| 650 | 0 | 0 | |a Leather industry and trade |
| 651 | 0 | 0 | |a United Kingdom |
| 999 | |a 0000005594 |b Book |c Open shelf |e Business Information Centre | ||